书目信息 |
| 题名: |
大学语文教程
|
|
| 作者: | 赵松元 , 谢飘云 主编 | |
| 分册: | ||
| 出版信息: | 北京 科学出版社 2010.07 |
|
| 页数: | 320页 | |
| 开本: | 26cm | |
| 丛书名: | ||
| 单 册: | ||
| 中图分类: | H1-43 | |
| 科图分类: | ||
| 主题词: | 汉语--han yu--高等学校--教材 | |
| 电子资源: | ||
| ISBN: | 978-7-03-028036-7 | |
| 000 | 00737nam0 2200241 450 | |
| 001 | 1133141640 | |
| 005 | 20110830091248.53 | |
| 010 | @a978-7-03-028036-7@dCNY32.00 | |
| 100 | @a20100826d2010 em y0chiy0121 ea | |
| 101 | 0 | @achi |
| 102 | @aCN@b110000 | |
| 106 | @ar | |
| 200 | 1 | @a大学语文教程@Ada xue yu wen jiao cheng@f谢飘云, 赵松元主编 |
| 210 | @a北京@c科学出版社@d2010.07 | |
| 215 | @a320页@d26cm | |
| 330 | @a本书在体系结构上,以主题为经,以文体为纬。全书分为祖国颂歌、故乡悠韵、山水清音、民俗民风等10单元。 | |
| 586 | @a | |
| 606 | 0 | @a汉语@Ahan yu@x高等学校@j教材 |
| 690 | @aH1-43@v5 | |
| 701 | 0 | @a赵松元@Azhao song yuan@4主编 |
| 701 | 0 | @a谢飘云@Axie piao yun@4主编 |
| 801 | 0 | @aCN@c20110610 |
| 905 | @dH1-43@eX450@f3 | |
| 大学语文教程/谢飘云, 赵松元主编.-北京:科学出版社,2010.07 |
| 320页;26cm |
| ISBN 978-7-03-028036-7:CNY32.00 |
| 本书在体系结构上,以主题为经,以文体为纬。全书分为祖国颂歌、故乡悠韵、山水清音、民俗民风等10单元。 |
| ● |
| 相关链接 |
|
|
|
正题名:大学语文教程
索取号:H1-43/X450
 
预约/预借
| 序号 | 登录号 | 条形码 | 馆藏地/架位号 | 状态 | 备注 |
| 1 | 888960 | 208889602 | 语言库209/209语言库 70排1列3层/ [索取号:H1-43/X450] | 在馆 | |
| 2 | 888961 | 208889611 | 语言库209/209语言库 70排1列3层/ [索取号:H1-43/X450] | 在馆 | |
| 3 | 888962 | 208889620 | 语言库209/209语言库 70排1列3层/ [索取号:H1-43/X450] | 在馆 |